000 00643cam a2200181 a 4500
020 _a9780896297883 (pbk. : alk. paper)
040 _cDLC
082 0 0 _a330 ANE 2011 C077 Or.
245 0 2 _aA new era of transformation in Ghana :
_blessons from the past and scenarios for the future /
260 _aWashington, D.C. :
_bInternational Food Policy Research Institute,
_c2011.
300 _axx, 140 p. :
_bill. ;
_c23 cm.
490 1 _aIFPRI research monograph
650 0 _aEconomic development
650 0 _aAgriculture
700 1 _aBreisinger, Clemens.
856 4 1 _uhttp://www.loc.gov/catdir/toc/fy11pdf03/2010042114.html
942 _cAEDBB
999 _c21337
_d21337